000 00606nam a2200205Ia 4500
001 b4364-27801 [5567]
003 IT-MiCISF
008 161014s9999||||xx |||||||||||||| ||und||
040 _aIT-MiCISF
_cIT-MiCISF
041 _ait
100 _aAnelli Franco
245 0 _aIl matrimonio
250 _a1a ed.
260 _a Milano
_bGiuffrè
_c1998
300 _app. IX, 330
500 _a / matrimonio-civile, storia, nullità, coniugi, diritto, matrimonio-sacramento, rapporti-patrimoniali, separazione, divorzio, convivenza /
650 _amatrimonio
942 _cBK
957 _71
999 _a27801
_bsi
_g1
_c212907
_d212907